Desarrollo económico y estructura de clases /

Zapisane w:
Opis bibliograficzny
1. autor: Soares Dillo, Glaudio
Format: Texto
Hasła przedmiotowe:
Etykiety: Dodaj etykietę
Nie ma etykietki, Dołącz pierwszą etykiete!

MARC

LEADER 00000 a a2200000 04500
001 44165
003
040
100 |a Soares Dillo, Glaudio  
245 |a Desarrollo económico y estructura de clases /  |c Glaudio Soares Dillo 
650 |a CLASES SOCIALES  
650 |a DESARROLLO ECONOMICO  
650 |a OCUPACIONES  
773 |g volumen33, número3 ( , 1971), páginas 437-474  
999 |c 28323  |d 28323